La escuela y la formación valoral autónoma.

Guardado en:
Bibliografiske detaljer
Hovedforfatter: Schmelkes, Sylvia (autor)
Format: Bog
Sprog:spansk
Fag:
Tags: Tilføj Tag
Ingen Tags, Vær først til at tagge denne postø!

MARC

LEADER 00000cam^a2200000uu^4500
001 000487383
005 20250911000000.0
008 030110s1997^^^^^^^^^^^^rd^r^^000^0^spa^d
009 20260526150634.737
022 |a 9687687053 
035 |a FCE 000030549 
035 |a FCE 035136 
037 |a Acervo ITESO - Biblioteca 
041 |a spa 
082 0 4 |a 370.115  |b SCHe 
100 |a Schmelkes, Sylvia  |e (autor) 
245 1 3 |a La escuela y la formación valoral autónoma. 
264 |a México :  |b Carlos Castellanos Rivera : Sylvia Schmelkes,  |c 1997. 
300 |a 114 p. 
336 |a texto  |b txt  |2 rdacontenido 
337 |a sin mediación  |b n  |2 rdamedio 
338 |a volumen  |b nc  |2 rdasoporte 
649 |a XX 
650 |a Educación básica 
650 |a Educación cívica 
650 |a Derechos humanos 
650 |a Formación 
650 |a Valor moral 
650 |a Educación preescolar 
910 |a Fondo Centro de Estudios Educativos 
920 |a Impresos - Libros 
930 |a Fondos Especiales 
905 |a 133 
901 |a ALE035136  |b IT2  |c CEE  |u 20250521 
902 |a https://opac.biblio.iteso.mx/vufind/Record/000487383